Cuerpo sensible

Gespeichert in:
Bibliographische Detailangaben
1. Verfasser: Le Breton, David (VerfasserIn)
Format: Buch
Sprache:Spanisch
Veröffentlicht: Santiago Ediciones Metales Pesados 2010
Ausgabe:1a. ed
Schlagworte:
Tags: Tag hinzufügen
Keine Tags, Fügen Sie den ersten Tag hinzu!

MARC

LEADER 00000cam a2200000 a 4500
001 UCE0412
003 CL-VaPUC
008 140116e20101100cl |||||||||||||||||spa|d
020 |a 9789568415365 
082 0 4 |a 792.8  |b LEB  |2 21 
100 |a Le Breton, David  |e author  |9 222303 
245 1 0 |a Cuerpo sensible 
250 |a 1a. ed 
300 |a 119 p 
942 |c BK 
945 |d 20140116 11:53:00  |a dcastane 
260 |a Santiago  |b Ediciones Metales Pesados  |c 2010 
650 0 |a Danza  |9 328568 
650 0 |a Cuerpo humano  |9 257169 
583 |a last modification  |c 20140116 11:53:00  |k Rodrigo Vera 
999 |c 354551  |d 354549 
952 |0 0  |1 0  |3 erb  |4 0  |6 792_800000000000000_LEB_2010  |7 0  |8 A  |9 460499  |a BIBART  |b BIBART  |i 5050022  |l 2  |o 792.8 LEB 2010  |p 5050022  |r 2025-04-23  |s 2025-04-21  |w 2019-11-23  |y BK  |z Catalogado en:20140116  |k ART